00253nam a2200109Ia 4500008004100000100001700041245004600058260001100104260001100115260000900126300000800135201214s9999 xx 000 0 und d aChapel, Yves 0aAdministrative management for development aGeneva bUNESCO c1983 a220